Holiday Quiz

Random Holiday or Christmas Quiz
Score 0/30 Timer 08:00
1 Play Today
% Correct
Monday
96.5%
Easter
96.5%
March
94%
Oil
87.5%
Ash Wednesday
87.4%
MLK
87.3%
Blue
86.5%
Thomas Jefferson
82.9%
Deck the Halls
80.7%
Dia
76.4%
Guy
75.3%
Rugby
69.6%
Canada
66.1%
Punxsutawney
65%
Jacques Necker
63.8%
% Correct
Burns
61.8%
Juneteenth
54.2%
Seder
53.1%
Decoration
44.1%
Racquetball
43.1%
Sanskrit
40.8%
Zaragoza
40.8%
Samhain
37.2%
Hale
36.5%
Eidalfatr
36.2%
Hilaria
32%
Hei
27.1%
Umoja
23%
Ystavanpaiva
22.2%
SAINT NICHOLAS
19.2%
Come Together.
Have Fun.
All Virtual.
We all need to come together. Play Sporcle's virtual live trivia to have fun, connect with people, and get your trivia on. Join a live hosted trivia game for your favorite pub trivia experience done virtually. If a virtual private party is more your thing, go here for details.

You're not logged in!

Compare scores with friends on all Sporcle quizzes.
OR
Log In

Sporcle TV

Today on Sporcle TV


Watch our educational content, quiz creation guides, and fun videos on Sporcle TV.

Show Comments

Extras

Top Quizzes Today


Score Distribution

Paid Content

Your Account Isn't Verified!

In order to create a playlist on Sporcle, you need to verify the email address you used during registration. Go to your Sporcle Settings to finish the process.

Report this User

Report this user for behavior that violates our Community Guidelines.

Details: